01803nab a2200457 a 450000100060000000300080000600500170001400600190003100700150005000800410006502200140010603500210012004000260014105000190016708000070018608200120019310000360020521000480024122200950028924502130038426000620059730000150065931000100067436200190068453301640070354600390086765000170090665000440092365000210096765000150098865000200100365000370102365300140106065300270107465300180110165500320111971000190115174000960117085600620126699900170132829597FlNmELB20241216220515.0m o d | cr cn|||||||||201104r2006 sp |||||s|||||||||||spa d a1578-5157 a(OCoLC)955409874 aFlNmELBbspacFlNmELB 4aG62bS237 2006 a9104a9102221 aSantos Preciado, José Miguel.10aGeofocus. Rev. int. cienc. tec. inf. geogr. 0aGeofocus. Revista internacional de Ciencia y Tecnología de la información Geográfica14aLas tecnologías de la información y de la comunicación y el modelo virtual formativoh[recurso electronico] :bnuevas posibilidades y retos en la enseñanza de los SIG /cJosé Miguel Santos Preciado. aMadrid :bAsociación de Geógrafos Españoles,c2006. a113-137 p. aAnual0 aNum. 6 (2006)- aRecurso electrónico. Santa Fe, Arg.: e-libro, 2015. Disponible vía World Wide Web. El acceso puede estar limitado para las bibliotecas afiliadas a e-libro. aResumenes en español e inglés. 0aGeografía. 0aSistemas de información geográfica. 0aTeledetección. 0aGeography. 0aRemote sensing. 0aGeographical information system. aGeografia aInformacion geografica aTeledeteccion 4aArtículos electrónicos.2 ae-libro, Corp.02aGeofocus. Revista internacional de Ciencia y Tecnología de la información Geográfica.40uhttps://elibro.net/ereader/politecnicointernacional/21512 c29597d29597